Čínske investície v regióne strednej a východnej Európy

Analýza čínskych zahraničných investícií v regióne strednej a východnej Európy. Spolupráca Číny a regiónu strednej a východnej Európy. Čínske investície v regióne strednej a východnej Európy. Vplyv čínskych investícií na región strednej a východnej Európy - použitie jednoduchého regresného modelu.

Saved in:
Bibliographic Details
Main Author: Grešš, Martin, 1978-
Format: Book Chapter
Language:Slovak
Subjects:
Tags: Add Tag
No Tags, Be the first to tag this record!

MARC

LEADER 00000nla a2200000 4500
001 0241508
005 20240502073931.3
041 0 |a slo 
044 |a SK 
245 1 0 |a Čínske investície v regióne strednej a východnej Európy  |c Martin Grešš 
520 |a Analýza čínskych zahraničných investícií v regióne strednej a východnej Európy. Spolupráca Číny a regiónu strednej a východnej Európy. Čínske investície v regióne strednej a východnej Európy. Vplyv čínskych investícií na región strednej a východnej Európy - použitie jednoduchého regresného modelu. 
610 2 0 |a investície zahraničné 
610 2 0 |a spolupráca hospodárska medzinárodná 
610 2 0 |a konkurencieschopnosť 
610 2 0 |a Čína 
610 2 0 |a Európa 
100 1 |a Grešš, Martin, 1978-